00363pab a2200121 454500008004000000100002300040245011200063260000900175300001300184362001200197650001500209773001700224180718b2007 xxu||||| |||| 00| 0 eng d aSahu, Manoja Kumar aTackling corporate corruption at transnational level: an appraisal of the emerging international law regime c2007 ap.34-40. aApr-Jun aCorruption aCBI Bulletin